| 000 | 00930nas a2200289 4500 | ||
|---|---|---|---|
| 001 | BR8303746 | ||
| 003 | BR-BrBNA | ||
| 005 | 20231205085625.0 | ||
| 007 | ta | ||
| 008 | 230509b bl.|||p| |||| 00| 00por d | ||
| 040 |
_aBR-BrBNA _bpor _cBiblioteca Nacional de Agricultura |
||
| 041 | _a(Pt) | ||
| 072 | _aP05 | ||
| 100 | 1 | _aCraveiro, A.M. | |
| 111 | 1 |
_a5. Simposio Nacional de Fermentacao _cVicosa, MG (Brazil) _d26-29 Jul 1982 |
|
| 245 | 1 | _aProducao de biogas a partir de vinhaca [mandioca, cana de acucar, Manihot esculenta, Saccharum officinarum, Penedo, Alagoas, Brasil] | |
| 650 | _aCANA DE ACUCAR | ||
| 650 | _aMANDIOCA | ||
| 650 | _aVINHACA | ||
| 650 | _aBIOMASSA | ||
| 650 | _aDIGESTAO ANAEROBIA | ||
| 650 | _aPENEDO | ||
| 650 | _aALAGOAS | ||
| 773 | 0 |
_tSaccharum (Brazil) _xISSN 0100-6223 _g(Mar-Apr 1983), v. 6(25) p. 16-26 _wBR8303746 |
|
| 909 |
_a202311 _bLúcia _c55 _dLúcia Elande |
||
| 942 |
_2AGRIS _n0 _cANA |
||
| 999 |
_c112616 _d112616 |
||